000 00556nam a2200229Ia 4500
003 OSt
005 20220924152811.0
006 a|||||r|||| 00| 0
007 ta
008 220923b |||||||| |||| 00| 0 guj d
024 _a344739
037 _cTextual
040 _aARTS
_cARTS
_bguj
041 _2guj
_aguj
082 _aO156,1x, H9
100 _aDesai
_9108896
245 0 _aPrachee kaviyo ane temani krtio
260 _c1949
650 _aSOCIOLOGY
942 _hO156,1x, H9
_cTEXL
_2CC
999 _c471056
_d471056